Quantity surveyors get safety scheme recognition (Record no. 117126)

MARC details
000 -LEADER
fixed length control field 01086cam a2200217 4500
001 - CONTROL NUMBER
control field WB4012-14
008 - FIXED-LENGTH DATA ELEMENTS--GENERAL INFORMATION
fixed length control field 040323n2004 000 0 eng u
035 ## - SYSTEM CONTROL NUMBER
System control number (Sirsi) u125532
245 ## - TITLE STATEMENT
Title Quantity surveyors get safety scheme recognition
260 ## - PUBLICATION, DISTRIBUTION, ETC.
Date of publication, distribution, etc. 2004
490 ## - SERIES STATEMENT
Series statement RICS Press Release
Volume/sequential designation (pr030) 23 March 2004 (2)
520 ## - SUMMARY, ETC.
Summary, etc. RICS has established a new route for quantity surveyors to access the Construction Skills Certification Scheme (CSCS). From 5 April 2004, chartered quantity surveyors will have direct professional recognition within CSCS. CSCS aims to unify safety regulation on sites and, as client groups press for enforcement of the scheme, this could lead to preferential treatment for those holding a CSCS card. http://www.rics.org/ricscms/bin/show?class=PressRe lease&template=/includes/showpr.html&id=1148&facul ty=RICS
590 ## - LOCAL NOTE (RLIN)
Local note WB
590 ## - LOCAL NOTE (RLIN)
Local note WB
650 ## - SUBJECT ADDED ENTRY--TOPICAL TERM
Topical term or geographic name entry element CONSTRUCTION SKILLS CERTIFICATION SCHEME
650 ## - SUBJECT ADDED ENTRY--TOPICAL TERM
Topical term or geographic name entry element SITE SAFETY
650 ## - SUBJECT ADDED ENTRY--TOPICAL TERM
Topical term or geographic name entry element BUILDING SITES
650 ## - SUBJECT ADDED ENTRY--TOPICAL TERM
Topical term or geographic name entry element SAFETY REGULATIONS
690 ## - LOCAL SUBJECT ADDED ENTRY--TOPICAL TERM (OCLC, RLIN)
Topical term or geographic name as entry element QUANTITY SURVEYING
9 (RLIN) 6263
942 ## - ADDED ENTRY ELEMENTS (KOHA)
Suppress in OPAC 0
Holdings
Withdrawn status Lost status Source of classification or shelving scheme Damaged status Not for loan Home library Current library Shelving location Date acquired Total Checkouts Full call number Barcode Date last seen Copy number Price effective from Koha item type
    Dewey Decimal Classification     London London News article 23/03/2004   WB4012-14 125532-1001 06/08/2019 1 06/08/2019 News article